Φιλοσοφία της παιδείας : όψεις της πράξης

Αποθηκεύτηκε σε:
Λεπτομέρειες βιβλιογραφικής εγγραφής
Άλλοι συγγραφείς: Θεοδωροπούλου, Έλενα Κ. (Επιμελητής έκδοσης, Συγγραφέας εισαγωγής κ.λπ.)
Μορφή: Βιβλίο
Γλώσσα:Greek
Δημοσίευση: Αθήνα : Πεδίο, 2014
Σειρά:Παιδαγωγικές καινοτομίες = φιλοσοφία και πράξη
Θέματα:
Ετικέτες: Προσθήκη ετικέτας
Δεν υπάρχουν, Καταχωρήστε ετικέτα πρώτοι!

MARC

LEADER 00000cam a2200000 i 4500
001 1/67374
008 150218s2014 gre d
020 |a 9789605461492 
035 |l 10121151 
040 |a GR-MY-UA  |b gre  |e aacr 
041 0 |a gre 
082 0 |a 370.1  |2 (23) 
245 1 0 |a Φιλοσοφία της παιδείας :   |b όψεις της πράξης /   |c επιστημονική επιμέλεια, μετάφραση, εισαγωγή: Έλενα Κ. Θεοδωροπούλου ; επίμετρο: Paul Standish 
260 |a Αθήνα :   |b Πεδίο,   |c 2014  
300 |a 558 σ.;   |c 24 εκ.  
490 1 |a (παιδαγωγικές καινοτομίες, φιλοσοφία και πράξη) 
504 |a Περιλαμβάνει βιβλιογραφικές παραπομπές. 
650 0 0 |a Education  |x Philosophy. 
700 1 |a Θεοδωροπούλου, Έλενα Κ.  |4 edt  |4 aui 
830 0 |a Παιδαγωγικές καινοτομίες = φιλοσοφία και πράξη 
852 |a INST  |b LESVOS  |e 20190211  |h 370.1 ΦΙΛ  |p 005100060677  |q 005100060677  |t BK  |y 0 
852 |a INST  |b RHODES  |e 20150218  |h 370.1 ΦΙΛ  |p 005400037652  |q 005400037652  |t BK  |y 4  |x 20211111 
852 |a INST  |b RHODES  |c EUDOXUS  |e 20150508  |h 370.1 ΦΙΛ  |p 005400037681  |q 005400037681  |t BK  |y 0 
901 |a BIBL4-2015-1 
909 |a Ρ  |b 183969 
920 |a ΕΥΔΟΞΟΣ  |b ΠΑΡΑΓΓΕΛΙΑ  |y ΡΟΔΟΣ-ΤΕΠΑΕΣ  |z 2015-05 
970 |z 2015/02/18